| 000 | 01357cam a22003974i 4500 | ||
|---|---|---|---|
| 003 | PE-LiUPU | ||
| 005 | 20250731173253.0 | ||
| 008 | 150625s1981 bl r 000 0 spa d | ||
| 035 | _a(Sirsi) a35647 | ||
| 040 |
_aPE-LiUPU _bspa _cPE-LiUPU _erda |
||
| 082 | 0 | 4 |
_a254 _bP45 _221 |
| 100 | 1 |
_aPereyra, Rubén, _eautor. |
|
| 245 | 1 | 0 |
_aAdministración de iglesias por objetivos / _cRubén Pereyra. |
| 264 | 1 |
_aBrasilia : _bSeminario Adventista Latinoamericano de Teología, _c1981 |
|
| 336 |
_atext _2rdacontent |
||
| 337 |
_aunmediated _2rdamedia |
||
| 338 |
_avolume _2rdacarrier |
||
| 526 | _aSEG42 | ||
| 526 | _aSEG41 | ||
| 526 | _aSEG40 | ||
| 526 | _aSEG39 | ||
| 526 | _aP94 | ||
| 526 | _aP87 | ||
| 526 | _aP86 | ||
| 526 | _aP85 | ||
| 526 | _aP77 | ||
| 526 | _aP76 | ||
| 526 | _aP35 | ||
| 650 | 0 | 4 |
_aAdventistas del Séptimo Día _xAdministración. |
| 650 | 0 | 4 |
_aAdventistas del Séptimo Día _xEE.UU. _xHistoria. |
| 942 |
_2ddc _cBOOK |
||
| 949 |
_a254 P45 _wDEWEY _c1 _i39098 _lCCODEBUL1 _mBUL _p20.00 _r0 _sY _tBOOK _u2015-06-25 _xBIBLIOTECA _zUNKNOWN _0COMPRA _o.STAFF. Colección Teología |
||
| 596 | _a1 | ||
| 999 |
_a254 P45 _wDEWEY _c43634 _i39098 _f2021-11-12 _g5 _lCCODEBUL1 _mBUL _p20.00 _r0 _sY _tBOOK _u2015-6-25 _xTEOLOGIA _PP35 _0COMPRA _o.STAFF. Colección Teología _d43634 |
||
| 980 |
_81 _gALBERTO SANCHEZ Responsable de Automatización |
||